[Event "Thessaloniki ol (Women)"]
[Site "Thessaloniki"]
[Date "1984.??.??"]
[Round "5"]
[White "Gaprindashvili, Nona"]
[Black "Savova, Stefka"]
[Result "1/2-1/2"]
[WhiteElo "2335"]
[BlackElo "2105"]

1.d4 Nf6 2.c4 g6 3.Nc3 Bg7 4.e4 d6 5.Be2 O-O 6.Bg5 c5 7.d5 e6 8.Qd2 exd5
9.cxd5 Re8 10.f3 h6 11.Be3 Nh7 12.g4 a6 13.h4 Bf6 14.Nh3 b5 15.g5 Bh8 16.h5 Bxh3
17.Rxh3 Nxg5 18.Rh1 Bg7 19.O-O-O Nd7 20.Rdg1 Qf6 21.Rg3 c4 22.Rxg5 hxg5 23.h6 b4
24.hxg7 bxc3 25.bxc3 Qxg7 26.Bxg5 Rab8 27.Be3 Ne5 28.Bd4 f6 29.f4 Nd3+ 30.Bxd3 cxd3
31.Qxd3 Qb7 32.Rh2 Qb5 33.c4 Rec8 34.Rc2 Qb4 35.Qg3 Rxc4 36.Qxg6+ Kf8 37.Qxf6+ Ke8
38.Qe6+ Kf8 39.Qf6+ Ke8 40.Qg6+ Kd7 41.Qf7+ Kc8 42.Qg8+ Kc7 43.Qh7+ Kc8 44.Qh3+ Kc7
45.Qh7+ Kc8 46.Bc3 Qc5 47.Qh8+ Kc7 48.Qg7+ Kc8  1/2-1/2

[Event "Thessaloniki ol (Women)"]
[Site "Thessaloniki"]
[Date "1984.??.??"]
[Round "6"]
[White "Gaprindashvili, Nona"]
[Black "Wu Mingqian"]
[Result "1-0"]
[WhiteElo "2335"]
[BlackElo "2030"]

1.d4 d5 2.c4 c6 3.cxd5 cxd5 4.Nc3 Nf6 5.Bf4 Nc6 6.e3 Bf5 7.Nf3 e6 8.Ne5 Nxe5
9.Bxe5 Nd7 10.Bg3 a6 11.Bd3 Bxd3 12.Qxd3 Rc8 13.O-O Bb4 14.Rfc1 O-O 15.Rc2 Rc6
16.Ne2 Qb6 17.Rxc6 bxc6 18.Rc1 Rc8 19.Qb3 a5 20.Nf4 Qa6 21.Nd3 Be7 22.Rc3 a4
23.Qc2 Qb5 24.h3 f6 25.Kh2 Kf7 26.b3 axb3 27.Rxb3 Qa6 28.Qb1 c5 29.dxc5 e5
30.Rb7 Nxc5 31.Nxe5+ fxe5 32.Qf5+ Qf6 33.Qxc8 Nxb7 34.Qxb7 d4 35.exd4 exd4
36.a4 Qf5 37.Bd6 Qe6 38.Qxe7+ Qxe7 39.Bxe7 Kxe7 40.Kg3 Kd6 41.Kf3 Kc5 42.Ke2  1-0

[Event "Thessaloniki ol (Women)"]
[Site "Thessaloniki"]
[Date "1984.??.??"]
[Round "7"]
[White "Ivanka Budinsky, Maria"]
[Black "Gaprindashvili, Nona"]
[Result "0-1"]
[WhiteElo "2255"]
[BlackElo "2335"]

1.Nf3 d5 2.b3 Nf6 3.Bb2 e6 4.e3 b6 5.Be2 Bb7 6.O-O Be7 7.c4 dxc4 8.bxc4 O-O
9.Nc3 c5 10.Rc1 Ne4 11.Qc2 Nxc3 12.Bxc3 Nd7 13.d3 Qc7 14.Qb2 Bf6 15.Bxf6 Nxf6
16.Ne5 Nd7 17.Nxd7 Qxd7 18.Rfd1 Qe7 19.a4 Bc6 20.Ra1 Rab8 21.Qe5 f6 22.Qc3 e5
23.Bf3 Bxf3 24.gxf3 f5 25.Kh1 f4 26.d4 fxe3 27.Qxe3 cxd4 28.Rxd4 Qf7 29.Re4 Qxf3+
30.Qxf3 Rxf3 31.Kg2 Rbf8 32.Ra2 R3f5 33.Rae2 Rc8 34.Rd2 h6 35.Rd7 Rf7 36.Rd5 Rfc7
37.a5 Rxc4 38.Rexe5 R8c5 39.axb6 axb6 40.Rd8+ Kh7 41.Re3 Rf5 42.Rd6 b5 43.Rb6 Rcf4
44.Rb3 Rxf2+ 45.Kg3 Re2 46.R6xb5 Rff2 47.h3 Rg2+ 48.Kf3 Ref2+ 49.Ke4 Rf6
50.Rf5 Re2+ 51.Kf3 Rh2 52.Kg4 Rg2+ 53.Kf3 Rfg6 54.Kf4 Rf2+ 55.Ke5 Re2+ 56.Kf4 Rg1
57.Rc5 Re8 58.h4 Rf8+ 59.Ke5 Rg4 60.Rh3 Re8+ 61.Kd5 h5 62.Kd6 Kh6 63.Rc1 Rd8+
64.Ke5 Rdd4 65.Rch1 Kg6 66.Rg3 Re4+ 67.Kd5 Kf5 68.Rgh3 Ra4 69.Rf3+ Kg6 70.Rfh3 Kh6
71.Ke5 Rad4 72.Ke6 Kg6  0-1

[Event "Thessaloniki ol (Women)"]
[Site "Thessaloniki"]
[Date "1984.??.??"]
[Round "9"]
[White "Maksimovic, Suzana"]
[Black "Gaprindashvili, Nona"]
[Result "0-1"]
[WhiteElo "2150"]
[BlackElo "2335"]

1.d4 d5 2.Nf3 Nf6 3.Bf4 e6 4.e3 Bd6 5.Bg3 c5 6.c3 Nc6 7.Nbd2 Bxg3 8.hxg3 Qd6
9.Bd3 Bd7 10.Qe2 e5 11.e4 cxd4 12.exd5 dxc3 13.dxc6 cxd2+ 14.Kf1 Bxc6 15.Qxe5+ Qxe5
16.Nxe5 O-O-O 17.Rd1 Rhe8 18.Nxc6 Rxd3 19.Nxa7+ Kb8 20.Nb5 Re1+ 21.Rxe1 d1=Q  0-1

[Event "Thessaloniki ol (Women)"]
[Site "Thessaloniki"]
[Date "1984.??.??"]
[Round "10"]
[White "Khadilkar, Jayshree"]
[Black "Gaprindashvili, Nona"]
[Result "0-1"]
[WhiteElo "1970"]
[BlackElo "2335"]

1.e4 c5 2.Nf3 d6 3.d4 cxd4 4.Nxd4 Nf6 5.Nc3 a6 6.Be2 e5 7.Nb3 Be7 8.O-O O-O
9.a4 Be6 10.f4 exf4 11.Bxf4 Nc6 12.Kh1 Rc8 13.Nd4 Nxd4 14.Qxd4 Ne8 15.Rad1 Qa5
16.e5 dxe5 17.Bxe5 Nf6 18.Bd3 Rfd8 19.Qf4 Ng4 20.Bd4 Qh5 21.h3 Bg5 22.Qe4 Rxd4
23.Qxd4 Ne3 24.Be2 Qh6 25.Rf3 Nxd1 26.Qxd1 Bf6 27.Rd3 Bf5 28.Rd6 Qf4 29.Bf3 Re8
30.Ne2 Qe5 31.Rd5 Qe6 32.c3 Be4 33.Nf4 Bxf3 34.gxf3 Qe3 35.Qd2 Qxf3+ 36.Kg1 Qg3+
37.Ng2 Qxh3  0-1

[Event "Thessaloniki ol (Women)"]
[Site "Thessaloniki"]
[Date "1984.??.??"]
[Round "11"]
[White "Gaprindashvili, Nona"]
[Black "Koren, Inna"]
[Result "1-0"]
[WhiteElo "2335"]
[BlackElo "1855"]

1.d4 d5 2.c4 c6 3.cxd5 cxd5 4.Nc3 Nf6 5.Bf4 Nc6 6.e3 Bf5 7.Nf3 e6 8.Ne5 Qb6
9.Bb5 Be7 10.Qb3 Rc8 11.O-O O-O 12.Bxc6 bxc6 13.Qxb6 axb6 14.Na4 Bd8 15.Rfc1 b5
16.Nc5 Ba5 17.Nb3 Bc7 18.Nxc6 Bd8 19.Na7 Rc4 20.Nxb5 Be7 21.Bd6 Re8 22.Bxe7 Rxe7
23.Nd6 Rcc7 24.Rxc7 Rxc7 25.Nxf5 exf5 26.Rc1 Rxc1+ 27.Nxc1 Kf8 28.Kf1 Ke7
29.Ke2 Kd6 30.Nd3  1-0

[Event "Thessaloniki ol (Women)"]
[Site "Thessaloniki"]
[Date "1984.??.??"]
[Round "13"]
[White "Gaprindashvili, Nona"]
[Black "Szmacinska, Grazyna"]
[Result "1/2-1/2"]
[WhiteElo "2335"]
[BlackElo "1895"]

1.d4 Nf6 2.c4 g6 3.Nc3 Bg7 4.e4 d6 5.Be2 O-O 6.Bg5 c6 7.Nf3 Nbd7 8.O-O e5
9.d5 h6 10.Be3 c5 11.g3 Nh7 12.Qd2 h5 13.Nh4 Bf6 14.Ng2 h4 15.Nxh4 Bxh4 16.gxh4 Qxh4
17.f4 exf4 18.Bxf4 Qe7 19.Nb5 Ne5 20.Qc3 f6 21.Qg3 Kg7 22.h4 Bd7 23.Nc3 Kh8
24.Rf2 Rg8 25.Rh2 a6 26.Kh1 Rac8 27.a4 Qd8 28.a5 Rc7 29.Bd2  1/2-1/2

[Event "Thessaloniki ol (Women)"]
[Site "Thessaloniki"]
[Date "1984.??.??"]
[Round "14"]
[White "Gaprindashvili, Nona"]
[Black "Bruinenberg, Carla"]
[Result "1-0"]
[WhiteElo "2335"]
[BlackElo "2050"]

1.d4 Nf6 2.c4 e6 3.Nf3 b6 4.Nc3 d5 5.Bg5 Be7 6.e3 h6 7.Bh4 O-O 8.Qb3 c6 9.Bd3 Ba6
10.Rd1 dxc4 11.Bxc4 Bxc4 12.Qxc4 b5 13.Qd3 Nbd7 14.O-O Qb6 15.Ne5 Rad8 16.Qc2 Rfe8
17.Bxf6 Nxf6 18.Ne4 Nxe4 19.Qxe4 Rd5 20.Qf3 Bf6 21.Nd3 Be7 22.Rc1 c5 23.dxc5 Bxc5
24.e4 Rxd3 25.Qxd3 e5 26.g3 Bd4 27.Kg2 Rd8 28.Qe2 Qb7 29.Rc2 f5 30.f3 f4
31.gxf4 exf4 32.Rd1 Qb6 33.Rcd2  1-0

[Event "Albena"]
[Site "Albena"]
[Date "1985.??.??"]
[Round "?"]
[White "Yudasin, Leonid"]
[Black "Gaprindashvili, Nona"]
[Result "1/2-1/2"]
[WhiteElo "2470"]
[BlackElo "2350"]

1.e4 c5 2.Nc3 Nc6 3.g3 g6 4.Bg2 Bg7 5.d3 e6 6.Be3 d6 7.Qd2 Rb8 8.Nh3 b5 9.O-O b4
10.Nd1 a5 11.Kh1 Ba6 12.f4 Nce7 13.g4 Nf6 14.g5 Ng4 15.Bg1 h5 16.a3 Bc8 17.axb4 Rxb4
18.c3 Rb8 19.d4 Qb6 20.dxc5 dxc5 21.Nhf2 Nxf2+ 22.Qxf2 Ba6 23.Re1 Rc8 24.f5 Be5
25.f6 Nc6 26.Qxc5 Qxc5 27.Bxc5 Rb8 28.Bf1 Bxf1 29.Rxf1 Kd7 30.Rf2 Kc7 31.Ne3 Rb5
32.Ba3 Rd8 33.Nc4 Rd3 34.Raf1 Rd7 35.Kg2 Rd3 36.Rf3 Rd7 37.h4 Kc8 38.R1f2 Bc7
39.Rd2 Rxd2+ 40.Nxd2 Ne5 41.Rh3 Kd7 42.b3 Kc6 43.Kf1 Rb8 44.Ke2 a4  1/2-1/2

[Event "Albena"]
[Site "Albena"]
[Date "1985.??.??"]
[Round "?"]
[White "Spassov, Liuben"]
[Black "Gaprindashvili, Nona"]
[Result "0-1"]
[WhiteElo "2395"]
[BlackElo "2350"]

1.d4 d5 2.c4 e6 3.Nf3 Nf6 4.Nc3 Be7 5.Bg5 Nbd7 6.e3 h6 7.Bh4 O-O 8.Qc2 c5
9.cxd5 Nxd5 10.Bxe7 Qxe7 11.Nxd5 exd5 12.dxc5 Nxc5 13.Be2 Bg4 14.O-O Ne4
15.Rac1 Rac8 16.Qa4 Bxf3 17.Bxf3 Nd2 18.Bg4 Nxf1 19.Rxc8 Rxc8 20.Bxc8 Nxe3
21.Qd7 Qxd7 22.Bxd7 Nd1 23.Bc8 b6 24.b3 Nc3 25.a3 Kf8 26.f3 Ke7 27.Kf2 Nb5
28.a4 Nd4 29.b4 Kd6 30.Ba6 Nc2 31.b5 Kc5 32.Ke2 Kc4 33.Kd2 Nd4  0-1

[Event "Albena"]
[Site "Albena"]
[Date "1985.??.??"]
[Round "?"]
[White "Popchev, Milko"]
[Black "Gaprindashvili, Nona"]
[Result "1-0"]
[WhiteElo "2480"]
[BlackElo "2350"]

1.d4 d5 2.c4 e6 3.Nc3 Be7 4.Nf3 Nf6 5.Bg5 Nbd7 6.Rc1 h6 7.Bh4 O-O 8.e3 dxc4
9.Bxc4 a6 10.a4 c5 11.O-O cxd4 12.Nxd4 Ne5 13.Ba2 Bd7 14.Qe2 Qe8 15.Bg3 Nc6
16.Nf3 Rc8 17.Rfd1 Na5 18.Ra1 Nh5 19.Be5 Nf6 20.Bb1 g6 21.Ba2 Kh7 22.h3 Nc6
23.Bg3 Nb4 24.Bb1 Nbd5 25.Nxd5 exd5 26.Bc2 Rc5 27.Be5 Qc8 28.Bd3 Bf5 29.Nd4 Bxd3
30.Qxd3 Nd7 31.Bg3 Bf6 32.Bd6 Rc4 33.Bxf8 Nxf8 34.Qd2 Ne6 35.Rac1 Nxd4 36.exd4 Bg5
37.f4 Bf6 38.b3 Bxd4+ 39.Kh1 Bc3 40.Qxd5 Rxf4 41.Qd3  1-0

[Event "Albena"]
[Site "Albena"]
[Date "1985.??.??"]
[Round "?"]
[White "Georgiev, Krum"]
[Black "Gaprindashvili, Nona"]
[Result "1-0"]
[WhiteElo "2440"]
[BlackElo "2350"]

1.e4 c5 2.b3 d6 3.Bb2 Nc6 4.Nf3 e5 5.Bc4 Be7 6.O-O Nf6 7.Nc3 O-O 8.Re1 a6
9.a4 Bd7 10.h3 Rb8 11.Nh2 Nd4 12.Ng4 Nxg4 13.hxg4 Bh4 14.g3 h5 15.gxh5 Qg5
16.Re3 Bg4 17.gxh4 Qxh4 18.Be2 f5 19.Rg3 Nxe2+ 20.Nxe2 f4 21.Rg2 Bxe2 22.Qxe2 f3
23.Qc4+ Kh7 24.Rh2 Qf4 25.Qd3 Qh6 26.Kh1  1-0

[Event "Albena"]
[Site "Albena"]
[Date "1985.??.??"]
[Round "?"]
[White "Gaprindashvili, Nona"]
[Black "Kirov, Nino"]
[Result "1-0"]
[WhiteElo "2350"]
[BlackElo "2475"]

1.d4 d5 2.c4 c6 3.cxd5 cxd5 4.Nc3 Nc6 5.Bf4 Nf6 6.e3 Bf5 7.Nf3 e6 8.Ne5 Nxe5
9.Bxe5 a6 10.Qb3 Bd6 11.Bxd6 Qxd6 12.Be2 O-O  1-0

[Event "Albena"]
[Site "Albena"]
[Date "1985.??.??"]
[Round "?"]
[White "Gaprindashvili, Nona"]
[Black "Vilela, Jose Luis"]
[Result "1-0"]
[WhiteElo "2430"]
[BlackElo "2430"]

1.d4 Nf6 2.c4 e6 3.Nf3 b6 4.Nc3 Bb7 5.a3 d5 6.cxd5 Nxd5 7.Qc2 c5 8.dxc5 Bxc5
9.Bg5 Qc8 10.Rc1 h6 11.Bh4 Nxc3 12.Qxc3 O-O 13.b4 Bd6 14.Qd2 Bc7 15.Bg3 Na6
16.e3 Rd8 17.Nd4 e5 18.Bxe5 Bxe5 19.Rxc8 Raxc8 20.f3 Nc7 21.Bc4 Bd5 22.Bd3 Bxd4
23.exd4 Ne6 24.Ba6 Rc7 25.O-O Bc4 26.Bxc4 Rxc4 27.Qe2 Rcxd4 28.Qa6 R8d7 29.f4 Rc7
30.f5 Nf4 31.Qb5 Nh5 32.Qe8+ Kh7 33.Qe2 Nf4 34.Qe5 Rcc4 35.f6 Ng6 36.Qf5 gxf6
37.Qxf6 Rd7 38.Qf5 Rcd4 39.h4 R4d5 40.Qe4 Kg7 41.Qf3 Kg8 42.h5 Nf8 43.Re1 Nh7
44.Re8+ Kg7 45.Qg3+ Rg5 46.Qc3+ Nf6 47.Re1 Rd6 48.Rf1 Re6 49.Re1 Rxe1+ 50.Qxe1 a5
51.Qc3 axb4 52.axb4 b5  1-0

[Event "Albena"]
[Site "Albena"]
[Date "1985.??.??"]
[Round "?"]
[White "Gaprindashvili, Nona"]
[Black "Kouatly, Bachar"]
[Result "1-0"]
[WhiteElo "2350"]
[BlackElo "2455"]

1.d4 Nf6 2.c4 g6 3.Nc3 d5 4.cxd5 Nxd5 5.e4 Nxc3 6.bxc3 Bg7 7.Nf3 c5 8.Rb1 O-O
9.Be2 Nc6 10.d5 Bxc3+ 11.Bd2 Bxd2+ 12.Qxd2 Na5 13.h4 Bg4 14.Ng5 Bxe2 15.Kxe2 e5
16.h5 Qf6 17.Nxh7 Kxh7 18.Qxa5 b6 19.hxg6+ Kg7 20.Qd2 fxg6 21.Qh6+ Kf7 22.Qh7+ Qg7
23.Rb3 Qxh7 24.Rxh7+ Kf6 25.Rf3+ Kg5 26.Rg3+ Kf6 27.Rc7 Rfc8 28.Rf3+ Kg5
29.Re7 Re8 30.Rxe8 Rxe8 31.Rf7 c4 32.d6 b5 33.d7 Rb8 34.f4+ exf4 35.e5 b4
36.e6 b3 37.axb3 cxb3 38.e7 b2  1-0

[Event "Brussels mix"]
[Site "Brussels"]
[Date "1987.??.??"]
[Round "1"]
[White "Gaprindashvili, Nona"]
[Black "Lobron, Eric"]
[Result "1/2-1/2"]
[WhiteElo "2495"]
[BlackElo "2530"]

1.d4 e6 2.c4 c5 3.d5 exd5 4.cxd5 d6 5.Nc3 g6 6.Nf3 a6 7.a4 Bg7 8.e4 Bg4 9.Be2 Bxf3
10.Bxf3 Nd7 11.O-O Ne7 12.Bg4 O-O 13.a5 Kh8 14.Qb3 Rb8 15.Bxd7 Qxd7 16.Na4 f5
17.Nb6 Qc7 18.Ra4 Rf7 19.Bf4 fxe4 20.Rxe4 Rbf8 21.Bd2 Nf5 22.Bc3 Nd4 23.Qc4 Re7
24.Rfe1 Rxe4 25.Rxe4 Qf7 26.Qf1 Kg8 27.Qe1 Nc2 28.Qd2 Nd4 29.Qe1 Nc2  1/2-1/2

[Event "Brussels mix"]
[Site "Brussels"]
[Date "1987.??.??"]
[Round "6"]
[White "Gaprindashvili, Nona"]
[Black "Winants, Luc"]
[Result "0-1"]
[WhiteElo "2495"]
[BlackElo "2440"]

1.d4 Nf6 2.c4 e6 3.Nf3 c5 4.d5 exd5 5.cxd5 d6 6.Nc3 g6 7.Bf4 Bg7 8.Qa4+ Bd7
9.Qb3 b5 10.e3 c4 11.Qa3 O-O 12.Nd4 Qb6 13.Qxd6 b4 14.Nd1 Rc8 15.Rc1 Qa5
16.Bxc4 b3+ 17.Nc3 Rxc4 18.Nxb3 Qb6 19.O-O Na6 20.Nd2 Rcc8 21.Nb3 Nb4 22.Rfd1 Nxa2
23.Nxa2 Qxb3 24.Nc3 Bf5 25.Be5 Rd8 26.Qa3 Qb7 27.d6 Rac8 28.h3 Be6 29.Qa5 Qb6
30.Qa3 Rc4 31.Na4 Rxc1 32.Rxc1 Qb5 33.Bd4 Ne4 34.Bxg7 Kxg7 35.Nc3 Qc6 36.Rd1 Nxc3
37.bxc3 a6 38.Rd4 Qb5 39.f3 Qe5 40.e4 Qg3 41.Rd1 Bxh3 42.Qb2 Rxd6 43.Rxd6 Qxd6
44.c4+ Kg8 45.gxh3 Qg3+ 46.Kh1 Qxh3+ 47.Kg1 Qg3+ 48.Kh1 Qxf3+ 49.Kg1 Qe3+
50.Kh2 Qxe4 51.Qb8+ Kg7 52.Qc7 a5 53.c5 a4 54.Qa5 Qe5+ 55.Kh3 h5  0-1

[Event "Brussels mix"]
[Site "Brussels"]
[Date "1987.??.??"]
[Round "8"]
[White "Gaprindashvili, Nona"]
[Black "Watson, William N"]
[Result "1-0"]
[WhiteElo "2495"]
[BlackElo "2530"]

1.d4 Nf6 2.c4 g6 3.Nc3 Bg7 4.e4 d6 5.Be2 O-O 6.Bg5 Nbd7 7.Qd2 c6 8.Nf3 d5
9.exd5 cxd5 10.O-O dxc4 11.Bxc4 a6 12.Bb3 b5 13.Rfe1 Bb7 14.Rad1 Rc8 15.Qe2 b4
16.Na4 Qa5 17.Ne5 e6 18.Bxf6 Nxf6 19.Nc5 Bd5 20.Nxa6 Bxb3 21.axb3 Nd5 22.Nc5 Qc7
23.Rc1 Qe7 24.Rc4 Ra8 25.Nc6 Qd6 26.Ne4 Qd7 27.g3 Qb7 28.Ne5 Qa6 29.Nc5 Qd6
30.Qf3 Ra7 31.Ne4 Qb6 32.Rec1 Bh6 33.R1c2 Qb7 34.Kg2 Bg7 35.Nd6 Qa6 36.Rc6 Qa1
37.Rc8 Bxe5 38.Rxf8+ Kxf8 39.dxe5 Qe1 40.Rc8+ Kg7 41.Ne8+ Kh6 42.Rc4 g5 43.Nf6 Qb1
44.Qh5+ Kg7 45.Qxg5+ Qg6 46.Nh5+  1-0

[Event "Hoogovens-B"]
[Site "Wijk aan Zee"]
[Date "1987.??.??"]
[Round "?"]
[White "Welling, Gerard"]
[Black "Gaprindashvili, Nona"]
[Result "1/2-1/2"]
[WhiteElo "2360"]
[BlackElo "2475"]

1.d4 d5 2.Nf3 Nf6 3.e3 g6 4.c4 e6 5.Nc3 Bg7 6.Bd2 O-O 7.Rc1 Ne4 8.Bd3 Nxd2
9.Qxd2 Nc6 10.cxd5 exd5 11.O-O a6 12.a3 Re8 13.b4 Qd6 14.Qc2 Bg4 15.Be2 Re7
16.Qb3 Rd8 17.h3 Bc8 18.a4 Nxb4 19.Rb1 Nc6 20.Rfc1 Na5 21.Qd1 Bf5 22.Bd3 Bxd3
23.Qxd3 c6 24.Nd2 b5 25.axb5 axb5 26.Ra1 Nc4 27.Nb3 Ree8 28.Ra6 b4 29.Nxd5 Ne5
30.dxe5 Qxd5  1/2-1/2

[Event "Hoogovens-B"]
[Site "Wijk aan Zee"]
[Date "1987.??.??"]
[Round "?"]
[White "Carlier, Bruno"]
[Black "Gaprindashvili, Nona"]
[Result "0-1"]
[WhiteElo "2360"]
[BlackElo "2475"]

1.e4 c5 2.b3 d6 3.Bb2 Nf6 4.Nc3 Nc6 5.Bb5 Bd7 6.Bxc6 Bxc6 7.Qe2 e5 8.f4 exf4
9.O-O-O Qe7 10.Re1 O-O-O 11.Nh3 Qd7 12.Nxf4 Re8 13.Qd3 Ng4 14.Qg3 h5 15.h3 Nf6
16.d3 h4 17.Qf2 Be7 18.Kb1 Bd8 19.Rhf1 Rhf8 20.Nd1 g5 21.Ne2 Re6 22.Ne3 Bxe4
23.dxe4 Nxe4 24.Qf5 Nd2+ 25.Kc1 Nxf1 26.Nxf1 Rfe8 27.Kd1 Ba5 28.Nd2  0-1

[Event "Hoogovens-B"]
[Site "Wijk aan Zee"]
[Date "1987.??.??"]
[Round "?"]
[White "Gaprindashvili, Nona"]
[Black "Hartoch, Robert G"]
[Result "1-0"]
[WhiteElo "2475"]
[BlackElo "2365"]

1.d4 Nf6 2.c4 c5 3.d5 g6 4.Nc3 Bg7 5.e4 d6 6.Be2 O-O 7.Bg5 h6 8.Bf4 e6 9.dxe6 Bxe6
10.Qd2 Qb6 11.Bxh6 Bxh6 12.Qxh6 Qxb2 13.Rc1 Nc6 14.h4 Ne5 15.Nh3 Nfg4 16.Qf4 Kg7
17.O-O Nf6 18.Qg3 Bxh3 19.Qxh3 Nxe4 20.Nxe4 Qxe2 21.Nxd6 Rad8 22.Rcd1 f6
23.Rfe1 Qc2 24.Rd5 Nf7 25.Re7 Qc1+ 26.Kh2 Qf4+ 27.Qg3 Qxg3+ 28.Kxg3 Rb8 29.Rxc5 Kg8
30.Rcc7  1-0

[Event "Hoogovens-B"]
[Site "Wijk aan Zee"]
[Date "1987.??.??"]
[Round "?"]
[White "Gaprindashvili, Nona"]
[Black "Kuijf, Marinus"]
[Result "1/2-1/2"]
[WhiteElo "2475"]
[BlackElo "2470"]

1.d4 d5 2.c4 c6 3.cxd5 cxd5 4.Nc3 Nf6 5.Bf4 Nc6 6.e3 Bf5 7.Qb3 Na5 8.Qa4+ Bd7
9.Bb5 Nc6 10.Nf3 a6 11.Bxc6 Bxc6 12.Qb3 e6 13.Ne5 Bd6 14.O-O Bxe5 15.Bxe5 Ng4
16.Bg3 h5 17.Qd1 Qg5 18.Bf4 Qf5 19.f3 Nf6 20.Qe2 h4 21.Be5 Rd8 22.Rad1 Nh5
23.e4 Qg6 24.exd5 Bxd5 25.Nxd5 Rxd5 26.Qe4 Qg5 27.Rde1 Nf6 28.Qc2 O-O 29.Re2 Nh5
30.Re4 Nf6 31.Re2 Nd7 32.Rfe1 Qd8 33.Re4 Nxe5 34.dxe5 Rd2 35.Qb3 Qa5 36.Qb4 Qd5
37.Rxh4 Rc8 38.Rg4 a5 39.Qf4 Rcc2 40.h4 Rxb2 41.Qg5 Qc5+ 42.Kh2 Qf8 43.Ree4 Rd5
44.Qh6 Rb4 45.Rxb4 axb4 46.Qf4 Qb8 47.Rg5 Qc7 48.Qf6 g6 49.h5 Qd8 50.Qxd8+ Rxd8
51.hxg6 Rd5 52.gxf7+ Kxf7 53.Rg4 Rxe5 54.Rxb4 b5 55.Rb2 Kf6 56.g4 Re3 57.Kg3 Ra3
58.Kf4 Ra4+ 59.Ke3 Ra3+ 60.Ke4 Ra7 61.Ke3 Ra3+ 62.Kf2 Ra4 63.Re2 Ra3 64.Kg3 Rc3
65.Rb2 Ra3 66.Rh2 Ra6 67.Rf2 Ra3 68.Rh2 Ra6 69.f4 Ra3+ 70.Kh4 Ra4 71.Rf2 Kg6
72.Re2 Rxf4 73.Rxe6+ Kg7 74.Rd6 Rf7 75.g5 Rf4+ 76.Kh5 Ra4 77.Rb6 Rxa2 78.Rb7+ Kg8
79.Kh6 Ra8 80.g6 Rc8 81.Rxb5 Ra8 82.Rb7 Rc8 83.Rg7+  1/2-1/2

[Event "Hoogovens-B"]
[Site "Wijk aan Zee"]
[Date "1987.??.??"]
[Round "?"]
[White "Gaprindashvili, Nona"]
[Black "Riemersma, Liafbern"]
[Result "1-0"]
[WhiteElo "2475"]
[BlackElo "2395"]

1.d4 Nf6 2.c4 g6 3.Nc3 Bg7 4.e4 d6 5.Be2 O-O 6.Bg5 h6 7.Be3 e5 8.d5 Nbd7
9.Qd2 Nc5 10.f3 Nh5 11.Bd1 f5 12.Bc2 f4 13.Bf2 Bf6 14.O-O-O b6 15.b4 Nd7
16.Nge2 Bh4 17.Bxh4 Qxh4 18.g3 Qd8 19.Rdg1 Kh7 20.Qd3 Qf6 21.Rf1 Rf7 22.Kb2 a6
23.Rhg1 Nf8 24.Qd2 Bd7 25.Rf2 Be8 26.Nc1 Kh8 27.Nd3 g5 28.Ne2 Ng6 29.Qc3 a5
30.a3 Qe7 31.Bb3 Bd7 32.Rc1 Qf8 33.Ne1 Nf6 34.gxf4 gxf4 35.Nd3 Nh4 36.Rg1 Rg7
37.Rff1 Rxg1 38.Nxg1 Qf7 39.Qe1 Qh5 40.Rf2 axb4 41.axb4 Rg8 42.Qf1 Nh7 43.Qc1 Qg6
44.Ne2 Nxf3 45.Qc3 Qxe4 46.Ndxf4 Bf5 47.Ba2 Nd4 48.Ng3 Rxg3 49.hxg3 Ng5 50.Ng2 Nh3
51.Rd2 Nf3 52.Nh4 Nxd2 53.Qxd2 Ng5 54.Qf2 Bg6 55.Qf6+ Kh7 56.Qe7+ Kg8 57.Qd8+ Kg7
58.Qxc7+ Bf7 59.Bb1 Qd4+ 60.Ka2 Qd2+ 61.Kb3 Qe3+ 62.Ka4 Qf2 63.Nf5+ Kf6 64.Qxd6+  1-0

[Event "Hoogovens-B"]
[Site "Wijk aan Zee"]
[Date "1987.??.??"]
[Round "?"]
[White "Gaprindashvili, Nona"]
[Black "Rogers, Ian"]
[Result "1-0"]
[WhiteElo "2475"]
[BlackElo "2525"]

1.d4 Nf6 2.c4 c5 3.d5 e5 4.Nc3 d6 5.e4 Be7 6.Nf3 O-O 7.h3 a6 8.a4 Nbd7 9.g4 Rb8
10.Bd3 Re8 11.Be3 Nf8 12.g5 N6d7 13.h4 Ng6 14.Ne2 Ndf8 15.Rg1 f6 16.h5 Nf4
17.Nxf4 exf4 18.Bxf4 fxg5 19.Nxg5 Bf6 20.Qc2 Be5 21.Bxe5 dxe5 22.f4 exf4
23.Qc3 Qe7 24.O-O-O Bd7 25.Rde1 Qe5 26.Qxe5 Rxe5 27.h6 Ng6 28.Nf3 Rbe8 29.Nxe5 Rxe5
30.a5 gxh6 31.Kd2 h5 32.b4 cxb4 33.c5 Kf7 34.Rb1 h4 35.Rxb4 Bc8 36.Be2 h3
37.Ke1 Re7 38.Kf2 Ne5 39.Rb6 Nd7 40.Bh5+ Kf8 41.Rh6 h2 42.Rd1 Nxc5 43.Bf3 Kg7
44.Rxh2 Nxe4+ 45.Bxe4 Rxe4 46.Kf3 Bf5 47.d6 Re8 48.Kxf4 Kf6 49.Rb2 Re4+ 50.Kf3 Re8
51.Kf4 Re4+ 52.Kg3 Rg4+ 53.Kf3 Rg7 54.Re1 Bd7 55.Rb4 Bc6+ 56.Kf4 h5 57.Rd4 h4
58.Re5 Rh7 59.Re2 h3 60.Kg3 Rh8 61.Rf4+ Kg5 62.Ref2 Re8 63.Rg4+ Kh6 64.Rf6+  1-0

[Event "Hoogovens-B"]
[Site "Wijk aan Zee"]
[Date "1987.??.??"]
[Round "?"]
[White "Gaprindashvili, Nona"]
[Black "Watson, William N"]
[Result "0-1"]
[WhiteElo "2475"]
[BlackElo "2500"]

1.d4 Nf6 2.c4 g6 3.Nc3 Bg7 4.e4 d6 5.Be2 O-O 6.Bg5 Nc6 7.d5 Ne5 8.h3 c6 9.Nf3 Qb6
10.Qd2 Nxf3+ 11.Bxf3 Qb4 12.Rc1 Qxc4 13.dxc6 bxc6 14.Nd5 Qxa2 15.Nxe7+ Kh8
16.O-O Qe6 17.Nxc6 Nxe4 18.Bxe4 Qxe4 19.Rfe1 Qa4 20.Qxd6 Be6 21.b4 h6 22.Be7 Rfe8
23.Nd8 Ba2 24.Re3 a5 25.bxa5 Qxa5 26.Rd1 Kg8 27.Qd7 Qa4 28.Nc6 Rac8 29.Rd6 Kh7
30.Kh2 Be6 31.Rexe6 fxe6 32.Nd4 Qxd7 33.Rxd7 Rc7 34.Rxc7 Be5+ 35.g3 Bxc7
36.Bc5 Kg8 37.f4 Kf7 38.Nf3 Ra8 39.h4 Ra5 40.Bd4 Ra3 41.Ne5+ Bxe5 42.Bxe5 h5
43.Kg2 Ke7 44.Kh3 Kd7 45.Kg2 Kc6 46.Kh3 Kd5 47.Bc7 Ke4 48.Be5 Kf3 49.Bd4 Rd3
50.Bc5 Rd1  0-1

[Event "Berlin Neukoelln"]
[Site "Berlin-West"]
[Date "1988.??.??"]
[Round "?"]
[White "Franke, Heribert"]
[Black "Gaprindashvili, Nona"]
[Result "1/2-1/2"]
[WhiteElo "2395"]
[BlackElo "2485"]

1.d4 d5 2.c4 e6 3.Nc3 Be7 4.Nf3 Nf6 5.Bg5 Nbd7 6.e3 h6 7.Bh4 O-O 8.Rc1 c6
9.Bd3 dxc4 10.Bxc4 b5 11.Bd3 Bb7 12.O-O Rc8 13.Qe2 b4 14.Na4 c5 15.Nxc5 Nxc5
16.dxc5 Nd7 17.Bxe7 Qxe7 18.c6 Rxc6 19.Rxc6 Bxc6 20.Rc1 Bxf3 21.Qxf3 Ne5
22.Qe4 Nxd3 23.Qxd3 Rd8 24.Qe2 Qd6 25.g3 Qd2 26.Qxd2 Rxd2 27.Rc7 Rxb2 28.Rxa7 g5
29.g4 Kg7 30.Kg2 Kg6 31.a4  1/2-1/2

[Event "Berlin Neukoelln"]
[Site "Berlin-West"]
[Date "1988.??.??"]
[Round "?"]
[White "Gaprindashvili, Nona"]
[Black "Armas, Jorge"]
[Result "1-0"]
[WhiteElo "2485"]
[BlackElo "2410"]

1.d4 Nf6 2.c4 c5 3.d5 e6 4.Nc3 exd5 5.cxd5 d6 6.Nf3 g6 7.Bf4 a6 8.a4 Bg7
9.e4 Bg4 10.Be2 Bxf3 11.Bxf3 Qe7 12.O-O O-O 13.Re1 Nbd7 14.Qd2 Rab8 15.a5 Ne8
16.Be2 Nc7 17.Bg5 f6 18.Be3 b5 19.axb6 Rxb6 20.Ra2 Rfb8 21.Qc2 Ne5 22.Rea1 Nf7
23.Bc1 Ra8 24.Bf1 Ne5 25.Ra4 Qf8 26.Bd2 Bh6 27.f4 Nd7 28.Nd1 Nb8 29.Ra5 Rb7
30.g3 Qe8 31.Ne3 Qd7 32.Bc3 Bg7 33.Bc4 Nb5 34.Bxb5 Rxb5 35.Nc4 Rxa5 36.Rxa5 Ra7
37.Qa4 Qxa4 38.Rxa4 Rd7 39.Kf2 Kf7 40.b4 f5 41.e5 Ke8 42.bxc5 dxc5 43.Ne3 Rb7
44.Ke2 Rb1 45.Kd3 Rc1 46.Ra2 Kd8 47.Ba5+ Kc8 48.e6 Bf8 49.Nc4 Rd1+ 50.Rd2 Rxd2+
51.Kxd2 Kb7 52.Bd8  1-0

[Event "Berlin Neukoelln"]
[Site "Berlin-West"]
[Date "1988.??.??"]
[Round "?"]
[White "Gaprindashvili, Nona"]
[Black "Hausner, Ivan"]
[Result "0-1"]
[WhiteElo "2485"]
[BlackElo "2425"]

1.d4 d6 2.c4 e5 3.Nf3 exd4 4.Nxd4 g6 5.Nc3 Bg7 6.e4 Nf6 7.Be2 O-O 8.f4 Re8
9.Bf3 Nxe4 10.Bxe4 Bf5 11.Nxf5 gxf5 12.O-O fxe4 13.Re1 Nd7 14.Rxe4 Nc5 15.Rxe8+ Qxe8
16.Bd2 Ne4 17.Nxe4 Qxe4 18.Qb3 Re8 19.Kh1 Qe2 20.Bc3 Bxc3 21.Qxc3 Re3 22.Qc1 Rd3
23.f5 Rd2 24.Qg1 Qf2 25.Re1 Rxb2 26.f6 Qxf6 27.Qxa7 Qc3 28.Re8+ Kg7 29.h3 Qc1+  0-1

[Event "Berlin Neukoelln"]
[Site "Berlin-West"]
[Date "1988.??.??"]
[Round "?"]
[White "Gaprindashvili, Nona"]
[Black "Lehmann, Klaus"]
[Result "1/2-1/2"]
[WhiteElo "2485"]
[BlackElo "2340"]

1.d4 Nf6 2.c4 e6 3.Nc3 Bb4 4.Nf3 Bxc3+ 5.bxc3 O-O 6.Bg5 h6 7.Bh4 d6 8.e3 Nc6
9.Nd2 e5 10.Bd3 Re8 11.O-O g5 12.Bg3 e4 13.Bc2 Qe7 14.f3 exf3 15.Qxf3 Qxe3+
16.Qxe3 Rxe3 17.Rxf6 Rxc3 18.Bd1 Nxd4 19.Bf2 Rd3 20.Nb3 Nxb3 21.axb3 Kg7
22.Rf3 Rxd1+ 23.Rxd1 Bg4 24.Bd4+ Kg8 25.Re1 Bxf3 26.gxf3 c5 27.Bf6 b5 28.Be7 bxc4
29.bxc4 a5 30.Bxd6 a4 31.Rc1 Ra5 32.Kf2 a3 33.Ke3 a2 34.Be5 f5 35.Kd3 Ra4
36.Bb2 Kf7 37.Kc3 Rb4 38.Rf1 h5 39.Rd1 Ra4 40.Kb3 Rb4+ 41.Kc3 Ra4 42.Rg1 g4
43.fxg4 hxg4 44.Ra1 Ke6 45.Re1+ Kf7 46.Ra1 Ke6 47.Kb3 Rb4+ 48.Kc3 Ra4 49.Rf1 f4
50.Rxf4 Ra3+ 51.Kc2 a1=Q  1/2-1/2

[Event "Berlin Neukoelln"]
[Site "Berlin-West"]
[Date "1988.??.??"]
[Round "?"]
[White "Gaprindashvili, Nona"]
[Black "Zsinka, Laszlo"]
[Result "1-0"]
[WhiteElo "2485"]
[BlackElo "2430"]

1.d4 Nf6 2.c4 e6 3.Nc3 Bb4 4.Nf3 b6 5.g3 Bb7 6.Bg2 c5 7.O-O cxd4 8.Qxd4 Nc6
9.Qd3 Rc8 10.Bf4 Na5 11.b3 d5 12.a3 Bxc3 13.Qxc3 O-O 14.Rfd1 Qe7 15.Qb4 Nc6
16.Qxe7 Nxe7 17.Nd4 a6 18.Bd6 Rfe8 19.Rac1 Nc6 20.Nxc6 Bxc6 21.Be5 dxc4 22.Bxc6 Rxc6
23.Rxc4 Rxc4 24.bxc4 Ne4 25.f3 f6 26.Bc7 Nc3 27.Rd6 b5 28.c5 Nxe2+ 29.Kf1 Nc3
30.Bd8 Nd5 31.c6 Ne3+ 32.Ke2 Nc4 33.Rd7 h5 34.c7 Nb6 35.Rd6 Nc8 36.Rxa6 Kf7
37.Ra8 Nd6 38.c8=Q Nxc8 39.Rxc8 e5 40.Rb8 e4 41.Rb7+ Ke6 42.Ba5 exf3+ 43.Kxf3  1-0